|
|
|
|
| LEADER |
00000nab#a22000007a#4500 |
| 001 |
arbauad041351 |
| 003 |
AR-BaUAD |
| 005 |
20250711113232.0 |
| 008 |
991004|||||||||###||||||b###|0###a|spa|| |
| 040 |
|
|
|a AR-BaUAD
|c AR-BaUAD
|b spa
|
| 100 |
|
|
|a Arnaboldi, Mario Antonio
|
| 245 |
|
|
|a La porta della città /
|c Mario Antonio Arnaboldi;
|
| 300 |
0 |
|
|b fot., plantas, cortes, vistas
|
| 653 |
|
|
|a AEROPUERTOS
|
| 653 |
|
|
|a AMSTERDAM
|
| 653 |
|
|
|a PAISES BAJOS
|
| 653 |
|
|
|a BENTHEM-CROUWEL
|
| 653 |
|
|
|a NAÇO
|
| 653 |
|
|
|a AEROPUERTO DE SCHIPHOL
|
| 773 |
0 |
|
|t L'ARCA
|g no. 141 [oct. 1999], p. 12-17
|
| 942 |
|
|
|c ARTI
|
| 952 |
|
|
|0 0
|1 0
|4 0
|7 0
|9 86270
|a AR-BAuAD
|b AR-BAuAD
|d 2025-07-11
|l 0
|p AAQA041351
|r 2025-07-11 11:32:32
|w 2025-07-11
|y ARTI
|
| 990 |
|
|
|a AQ199
|b TD
|
| 998 |
|
|
|a AAQ
|b BIBUN76
|
| 999 |
|
|
|c 65943
|d 65943
|